Praelectiones Juris Canonici

Zapisane w:
Opis bibliograficzny
1. autor: Bargilliat, Michel (Autor)
Format: Książka
Język:łaciński
Wydane: París Apud Berche et Tralin 1909
Wydanie:25a. ed
Hasła przedmiotowe:
Etykiety: Dodaj etykietę
Nie ma etykietki, Dołącz pierwszą etykiete!

MARC

LEADER 00000cam a2200000 a 4500
001 UCD1897
003 CL-VaPUC
008 160407e19090000fr |||||||||||||||||lat|d
082 0 4 |a 262.9  |b BAR  |2 21 
100 0 |a Bargilliat, Michel  |e author  |9 585052 
245 1 0 |a Praelectiones Juris Canonici 
250 |a 25a. ed 
300 |a t 
942 |c BK 
945 |d 20160407 22:05:00  |a dcastane 
260 |a París  |b Apud Berche et Tralin  |c 1909 
650 7 |a DERECHO CANONICO  |2 CL-VaPUC  |9 585053 
650 0 |a Derecho eclesiástico  |9 255055 
583 |a last modification  |c 20190726 04:23:22  |k Rodrigo Vera 
999 |c 363105  |d 363103 
952 |0 0  |1 0  |3 erd  |4 0  |6 262_900000000000000_BAR_1909  |7 0  |8 X  |9 474873  |a BIBTEO  |b BIBTEO  |c TEO_FFR  |h t.1  |i 5279526  |o 262.9 BAR 1909  |p 5279526  |r 2024-01-18  |w 2019-11-24  |y BK_X  |z Catalogado en:20160407  |k OFM 
952 |0 0  |1 0  |3 erd  |4 0  |6 262_900000000000000_BAR_1909  |7 0  |8 X  |9 474874  |a BIBTEO  |b BIBTEO  |c TEO_FFR  |h t.2  |i 5279844  |o 262.9 BAR 1909  |p 5279844  |r 2024-01-18  |w 2019-11-24  |y BK_X  |z Catalogado en:20160407  |k OFM